000 00423nam a2200169Ia 4500
008 240729s9999 xx 000 0 und d
022 _a1756-8935
245 0 _aEpigenetics & Chromatin
260 _aUnited Kingdom
260 _bBMC
650 _a Biology (General)
650 _a Genetics
650 _aScience
856 _uhttps://doaj.org/toc/38c52952ea6e42389aa714d8a9309ece
942 _2ddc
942 _cDOAJEJ
999 _c74500
_d74500
945 _a1
_bMadushi Gamage
_c1
_dMadushi Gamage